000 01252nam a22002057a 4500
003 JO-AjAnu
005 20250929132912.0
008 250928b jo ||||| |||| 00| 0 ara d
040 _aJO-AjAnu
_bara
_cJO-AjAnu
_dJO-AjAnu
_erda
041 0 _aara
_hara
050 _aHD37
_b2025
100 1 _aالشريدة، عبدالله صالح صالح
_eمعد
_966665
245 0 _aأثر إعادة هندسة عمليات الأعمال في الاستدامة التنظيمية : دراسة حالة شركة مياه الأردن (مياهنا) = The Impact of Business Process Reengineering on Organizational Sustainability : A Case Study of Jordan Water Company (Miyahuna) /
_cاعداد عبدالله صالح صالح الشريدة ؛ اشراف أمجد فهد نهار الطويقات
260 _c2025
300 _a88 ورقة
504 _aرسالة جامعية(رسالة ماجستير في ادارة الاعمال) - جامعة عجلون الوطنية(عجلون، الاردن) كلية الاعمال، قسم ادارة الاعمال، 2025.
650 7 0 _aالتطوير الاداري - شركة مياه الاردن.
_966666
700 1 _aالطويقات، امجد فهد نهار
_eمشرف
_966559
942 _2lcc
_cTHS
_n0
999 _c33993
_d33993